ბათუმის შოთა რუსთაველის სახელმწიფო უნივერსიტეტის ბიბლიოთეკა

მასდარის წარმოება ძველ ქართულში: აწყმოს ფუძის ისტორიასთან დაკავშირებით (ბიბ.ჩანაწერი № 53416)

000 -LEADER
fixed length control field 01069nam a2200229Ia 4500
001 - CONTROL NUMBER
control field 20459
003 - CONTROL NUMBER IDENTIFIER
control field GE_BSU
008 - FIXED-LENGTH DATA ELEMENTS--GENERAL INFORMATION
fixed length control field 181216s||||||||xx |||||||||||||| ||und||
040 ## - CATALOGING SOURCE
Transcribing agency GE_BSU
080 ## - UNIVERSAL DECIMAL CLASSIFICATION NUMBER
Universal Decimal Classification number 811.353.1'36-112
100 ## - MAIN ENTRY--PERSONAL NAME
Personal name ცხადაძე, ბადრი
245 ## - TITLE STATEMENT
Title მასდარის წარმოება ძველ ქართულში: აწყმოს ფუძის ისტორიასთან დაკავშირებით
250 ## - EDITION STATEMENT
Edition statement საქ. სსრ მეცნ. აკადემია. ენათმეცნიერების ინ-ტი.
260 ## - PUBLICATION, DISTRIBUTION, ETC.
Place of publication, distribution, etc. თბილისი
260 ## - PUBLICATION, DISTRIBUTION, ETC.
Name of publisher, distributor, etc. მეცნიერება
260 ## - PUBLICATION, DISTRIBUTION, ETC.
Date of publication, distribution, etc. 1984
300 ## - PHYSICAL DESCRIPTION
Extent 248გვ. ; 21სმ.
300 ## - PHYSICAL DESCRIPTION
Accompanying material ბიბლიოგრ.: გვ. 218-245
653 ## - INDEX TERM--UNCONTROLLED
Uncontrolled term მასდარის წარმოება ძველ ქართულში : აწყმოს ფუძის ისტორიასთან დაკავშირებით
942 ## - ADDED ENTRY ELEMENTS (KOHA)
Koha item type წიგნი
ეგზემპლარები
Withdrawn status Lost status Damaged status Not for loan Date acquired Barcode Date last seen Price effective from Koha item type
        2018-12-17 00464 2018-12-17 2018-12-17 წიგნი